Zdvihové závislosti vačkových mechanismů /

Saved in:
Bibliographic Details
Main Author: Petrů, Karel (Author)
Format: Book
Language:Czech
Published: Praha : SNTL, 1980
Subjects:
Tags: Add Tag
No Tags, Be the first to tag this record!

MARC

LEADER 00000nam a22000003a 4500
001 stu40434
005 20150617225701.2
008 930504s1980----cs------------------cze-d
040 |a STU  |b slo 
041 0 |a cze 
044 |a cs 
080 |a 621.835.2  |7 stu_us_auth*stu2227 
100 1 |a Petrů, Karel  |4 aut 
245 1 |a Zdvihové závislosti vačkových mechanismů /  |c [aut.]Karel Petrů 
260 |a Praha :  |b SNTL,  |c 1980 
300 |a 279 s 
650 7 |a Vačky  |2 stusub 
650 7 |a závislosti zvíhacie  |2 stusub 
996 |b 284J016455  |c J*62910  |l JJSK  |s A  |a 24  |w stu40434_0001 
996 |b 284M035163  |c M*3379-1  |l MMKN  |s A  |a 24  |w stu40434_0002 
996 |b E46772  |c E*46772  |l EE15  |s P  |a 0  |w stu40434_0003 
996 |b E50712  |c E*50712  |l EE15  |s P  |a 0  |w stu40434_0004